Campeões da Copa do Nordeste - Statistics

Estatísticas Gerais
  • Esse quiz foi jogado 116 vezes
  • A pontuação média é 17 de 18
Estatísticas das Respostas
ANO TIME/CLUBE % Correto
2015 Ceara
100%
2020 Ceara
100%
2001 Bahia
99%
2002 Bahia
99%
2017 Bahia
99%
2021 Bahia
99%
2019 Fortaleza
99%
1997 Vitoria
99%
1999 Vitoria
99%
2003 Vitoria
99%
2010 Vitoria
99%
1994 Sport
98%
2000 Sport
98%
2014 Sport
98%
2016 Santa Cruz
92%
2018 Sampaio Correa
79%
2013 Campinense
73%
1998 America-RN
51%
Nenhum quiz correspondente encontrado
Distribuição das Pontuações
Porcentagem de Pessoas com Cada Pontuação
Percentil de Números Respondidos
Sua Pontuação Histórica
Você não jogou esse quiz